Normal view
MARC view
Entry Personal Name
001 - CONTROL NUMBER
- control field: 12088
003 - CONTROL NUMBER IDENTIFIER
- control field: ARRUPE
005 - DATE AND TIME OF LATEST TRANSACTION
- control field: 20141007120301.0
008 - FIXED-LENGTH DATA ELEMENTS
- fixed length control field: 141007|| aca||aabn | a|a d
040 ## - CATALOGING SOURCE
- Original cataloging agency: ARRUPE
- Transcribing agency: ARRUPE
100 ## - HEADING--PERSONAL NAME
- Personal name: Fisher, Roger,
- Dates associated with a name: 1922-2012.
670 ## - SOURCE DATA FOUND
- Source citation: Work cat.: (ARRUPE)0: Fisher, Roger, 1922-2012., Getting together :, 1988.